| 000 | 00752cam a2200253 i 4500 | ||
|---|---|---|---|
| 001 | 4189732 | ||
| 003 | OSt | ||
| 005 | 20180116183024.0 | ||
| 008 | 800513s1980 nyu 000 1 eng | ||
| 010 | _a 80016653 | ||
| 020 |
_a0025898507 : _c$13.95 |
||
| 040 |
_aDLC _cDLC _dDLC |
||
| 050 | 0 | 0 |
_aPR6064.O413 _bW5 1980 |
| 082 | 0 | 0 | _a813.54 |
| 100 | 1 |
_aNolan, Frederick W., _d1931- |
|
| 245 | 1 | 0 |
_aWhite nights, red dawn . _cFrederick Nolan. |
| 260 |
_aNew York : _bMacmillan, _c1980. |
||
| 300 |
_a451 p. ; _c24 cm. |
||
| 651 | 0 |
_aSoviet Union _xHistory _yRevolution, 1917-1921 _xFiction. |
|
| 655 | 7 |
_aHistorical fiction. _2gsafd |
|
| 655 | 7 |
_aWar stories. _2gsafd |
|
| 906 |
_a7 _bcbc _corignew _d1 _eocip _f19 _gy-gencatlg |
||
| 942 |
_2ddc _cBK _k813.54 |
||
| 999 |
_c350708 _d350708 |
||